[Event "DEN-chT 1617 55th"]
[Site "Denmark"]
[Date "2017.03.18"]
[Round "8.5"]
[White "Hagen, Kresten Skytte"]
[Black "Heimisson, Hilmir Freyr"]
[Result "1-0"]
[WhiteElo "2158"]
[BlackElo "2107"]
[PlyCount "123"]
[EventDate "2016.10.29"]
[EventType "team-tourn"]
[EventRounds "9"]
[EventCountry "DEN"]
[SourceTitle "EXT 2018"]
[Source "ChessBase"]
[SourceDate "2017.10.13"]
[SourceVersion "1"]
[SourceVersionDate "2017.10.13"]
[SourceQuality "1"]
[WhiteTeam "Aarhus/Skolerne"]
[BlackTeam "Jetsmark"]
[WhiteTeamCountry "DEN"]
[BlackTeamCountry "DEN"]

1. Nf3 f5 2. c4 Nf6 3. g3 g6 4. Bg2 Bg7 5. 0-0 0-0 6. d4 d6 7. Nc3 c6 8. Rb1 Qc7 9. d5 Na6 10. Nd4 Bd7 11. b3 Rad8 12. Bb2 c5 13. Nc2 Qc8 14. f4 Ng4 15. Qd2 Nb4 16. Nxb4 cxb4 17. Nd1 Qc5+ 18. Kh1 Bxb2 19. Rxb2 a5 20. h3 Nf6 21. Ne3 Rc8 22. Bf3 h5 23. Rg1 Rf7 24. Rc2 Rh7 25. Kh2 Ng4+ 26. Bxg4 hxg4 27. h4 Rf8 28. Kg2 Kf7 29. Qd3 Ke8 30. Nf1 e5 31. fxe5 dxe5 32. Qe3 Qxe3 33. Nxe3 f4 34. Nd1 g5 35. hxg5 Bf5 36. Rd2 Be4+ 37. Kf2 fxg3+ 38. Ke3 Rf4 39. Rxg3 Rh3 40. Rxh3 gxh3 41. Nf2 h2 42. Rd1 Rxf2 43. Kxe4 Rxe2+ 44. Kf5 Kf7 45. d6 Rd2 46. Rh1 e4 47. Kxe4 Ke6 48. c5 Rxa2 49. Kd3 Rg2 50. Kc4 Kd7 51. Kb5 Ra2 52. g6 Rg2 53. g7 Rxg7 54. Rxh2 Rf7 55. Re2 Rg7 56. Kxa5 Kc6 57. Re7 b6+ 58. cxb6 Rg5+ 59. Ka6 Kxd6 60. Rc7 Rg3 61. Rc8 Rxb3 62. b7 1-0

[Event "DEN-chT 1415 53rd"]
[Site "Denmark"]
[Date "2015.03.08"]
[Round "9.6"]
[White "Hagen, Kresten Skytte"]
[Black "Schou Moldt, Thomas"]
[Result "1/2-1/2"]
[WhiteElo "2163"]
[BlackElo "2228"]
[PlyCount "63"]
[EventDate "2014.10.25"]
[EventType "team-tourn"]
[EventRounds "9"]
[EventCountry "DEN"]
[SourceTitle "EXT 2016"]
[Source "ChessBase"]
[SourceDate "2015.10.08"]
[SourceVersion "1"]
[SourceVersionDate "2015.10.08"]
[SourceQuality "1"]
[WhiteTeam "Aarhus/Skolerne"]
[BlackTeam "Obro"]
[WhiteTeamCountry "DEN"]
[BlackTeamCountry "DEN"]

1. Nf3 Nf6 2. c4 Nc6 3. d4 e6 4. a3 d6 5. Nc3 g6 6. e4 Bg7 7. Be2 0-0 8. 0-0 Re8 9. b4 e5 10. d5 Nd4 11. Ne1 Nxe2+ 12. Qxe2 Nh5 13. Nd3 f5 14. Bb2 f4 15. c5 Rf8 16. f3 g5 17. Rac1 Qe8 18. Nf2 Bd7 19. c6 bxc6 20. dxc6 Be6 21. Rfd1 Qf7 22. Nd5 Nf6 23. Nxf6+ Qxf6 24. b5 h5 25. Nd3 Bb3 26. Rd2 Rfb8 27. Nb4 Ba4 28. Rd5 Bb3 29. Rd2 Qf7 30. Na6 Rd8 31. Rc3 Be6 32. Nb4 1/2-1/2

[Event "DEN-chT 1415 53rd"]
[Site "Denmark"]
[Date "2015.03.07"]
[Round "8.6"]
[White "Nordenbaek, Jan"]
[Black "Hagen, Kresten Skytte"]
[Result "1-0"]
[WhiteElo "2209"]
[BlackElo "2163"]
[PlyCount "55"]
[EventDate "2014.10.25"]
[EventType "team-tourn"]
[EventRounds "9"]
[EventCountry "DEN"]
[SourceTitle "EXT 2016"]
[Source "ChessBase"]
[SourceDate "2015.10.08"]
[SourceVersion "1"]
[SourceVersionDate "2015.10.08"]
[SourceQuality "1"]
[WhiteTeam "Hillerod"]
[BlackTeam "Aarhus/Skolerne"]
[WhiteTeamCountry "DEN"]
[BlackTeamCountry "DEN"]

1. e4 e6 2. d4 d5 3. Nc3 Nf6 4. Bg5 dxe4 5. Nxe4 Be7 6. Bxf6 Bxf6 7. Nf3 Nd7 8. c3 0-0 9. Bd3 b6 10. Qc2 Bb7 11. 0-0-0 Qe7 12. Kb1 Rfd8 13. h4 Nf8 14. g4 g6 15. h5 c5 16. hxg6 hxg6 17. Nxf6+ Qxf6 18. Be4 Bxe4 19. Qxe4 cxd4 20. Nxd4 Rd5 21. Nc6 Rxd1+ 22. Rxd1 Kg7 23. f4 g5 24. f5 exf5 25. gxf5 a6 26. Nb4 Rd8 27. Nd5 Qc6 28. f6+ 1-0

[Event "DEN-chT 1415 53rd"]
[Site "Denmark"]
[Date "2015.02.15"]
[Round "7.6"]
[White "Hoiberg, Nina"]
[Black "Hagen, Kresten Skytte"]
[Result "0-1"]
[WhiteElo "2209"]
[BlackElo "2163"]
[PlyCount "34"]
[EventDate "2014.10.25"]
[EventType "team-tourn"]
[EventRounds "9"]
[EventCountry "DEN"]
[SourceTitle "EXT 2016"]
[Source "ChessBase"]
[SourceDate "2015.10.08"]
[SourceVersion "1"]
[SourceVersionDate "2015.10.08"]
[SourceQuality "1"]
[WhiteTeam "Nordre"]
[BlackTeam "Aarhus/Skolerne"]
[WhiteTeamCountry "DEN"]
[BlackTeamCountry "DEN"]

1. e4 e6 2. d4 d5 3. Nc3 Nf6 4. Bg5 dxe4 5. Nxe4 Be7 6. Bxf6 Bxf6 7. Nf3 Nd7 8. Bd3 0-0 9. 0-0 c5 10. dxc5 Bxb2 11. Rb1 Ba3 12. Rb3 Bxc5 13. Bb5 f5 14. Bxd7 fxe4 15. Bxc8 Rxc8 16. Qxd8 Rcxd8 17. Ng5 Bxf2+ 0-1

[Event "DEN-chT 1415 53rd"]
[Site "Denmark"]
[Date "2015.01.10"]
[Round "4.6"]
[White "Rewitz, Poul"]
[Black "Hagen, Kresten Skytte"]
[Result "0-1"]
[WhiteElo "2253"]
[BlackElo "2163"]
[PlyCount "48"]
[EventDate "2014.10.25"]
[EventType "team-tourn"]
[EventRounds "9"]
[EventCountry "DEN"]
[SourceTitle "EXT 2016"]
[Source "ChessBase"]
[SourceDate "2015.10.08"]
[SourceVersion "1"]
[SourceVersionDate "2015.10.08"]
[SourceQuality "1"]
[WhiteTeam "Copenhagen 68"]
[BlackTeam "Aarhus/Skolerne"]
[WhiteTeamCountry "DEN"]
[BlackTeamCountry "DEN"]

1. e4 e5 2. Nf3 Nc6 3. d4 exd4 4. Nxd4 Nf6 5. Nxc6 bxc6 6. Nd2 Qe7 7. Bd3 g6 8. 0-0 Bg7 9. b3 Nh5 10. Rb1 Nf4 11. Bc4 0-0 12. Re1 d6 13. Nf1 Be5 14. Bb2 Qg5 15. g3 Nh3+ 16. Kg2 Qf6 17. f4 Bxb2 18. e5 Bxe5 19. Qf3 Bd4 20. Rbd1 Bd7 21. Re4 Bb6 22. Rde1 Ng1 23. Qd1 Bh3+ 24. Kh1 d5 0-1

[Event "DEN-chT 1112 50th"]
[Site "Denmark"]
[Date "2011.12.04"]
[Round "3.8"]
[White "Hagen, Kresten Skytte"]
[Black "Stojanovski, Sandi"]
[Result "1-0"]
[WhiteElo "2190"]
[BlackElo "2232"]
[PlyCount "103"]
[EventDate "2011.10.29"]
[EventType "team-tourn"]
[EventRounds "9"]
[EventCountry "DEN"]
[SourceTitle "EXT 2013"]
[Source "ChessBase"]
[SourceDate "2012.11.22"]
[SourceVersion "1"]
[SourceVersionDate "2012.11.22"]
[SourceQuality "1"]
[WhiteTeam "Aarhus/Skolerne"]
[BlackTeam "Valby K41"]
[WhiteTeamCountry "DEN"]
[BlackTeamCountry "DEN"]

1. Nf3 Nf6 2. c4 c5 3. Nc3 e6 4. g3 b6 5. Bg2 Bb7 6. 0-0 d6 7. Re1 Be7 8. e4 a6 9. d4 cxd4 10. Nxd4 Qc7 11. Be3 0-0 12. Rc1 Nbd7 13. f4 Rac8 14. b3 Qb8 15. Bf2 Qa8 16. Qe2 h5 17. h3 Rfe8 18. f5 e5 19. Nf3 Nc5 20. Nd2 b5 21. g4 hxg4 22. hxg4 Nfd7 23. b4 Na4 24. Nxa4 bxa4 25. Qe3 d5 26. exd5 Bxb4 27. Ne4 Bxe1 28. Bxe1 Bxd5 29. cxd5 Rxc1 30. Qxc1 Rc8 31. Qg5 Qa7+ 32. Bf2 Qc7 33. d6 Qc1+ 34. Qxc1 Rxc1+ 35. Bf1 a3 36. g5 Ra1 37. g6 Rxa2 38. gxf7+ Kf8 39. Nc5 Nf6 40. Bc4 Rc2 41. d7 Rd2 42. Ne6+ Kxf7 43. d8Q Rxd8 44. Nxd8+ Ke7 45. Ne6 Ne4 46. Bh4+ Kd6 47. Be1 Ke7 48. Bd5 Nf6 49. Bb4+ Kf7 50. Ng5+ Ke8 51. Bf7+ Kd7 52. Bxa3 1-0

[Event "DEN-chT 1011 49th"]
[Site "Denmark"]
[Date "2010.11.06"]
[Round "1.8"]
[White "Hagen, Kresten Skytte"]
[Black "Rathlev, Jakob"]
[Result "1-0"]
[WhiteElo "2169"]
[BlackElo "2258"]
[PlyCount "85"]
[EventDate "2010.11.06"]
[EventType "team-tourn"]
[EventRounds "9"]
[EventCountry "DEN"]
[SourceTitle "EXT 2012"]
[Source "ChessBase"]
[SourceDate "2011.11.24"]
[SourceVersion "1"]
[SourceVersionDate "2011.11.24"]
[SourceQuality "1"]
[WhiteTeam "Aarhus/Skolerne"]
[BlackTeam "Jetsmark"]
[WhiteTeamCountry "DEN"]
[BlackTeamCountry "DEN"]

1. Nf3 e6 2. c4 f5 3. g3 Nf6 4. Bg2 c6 5. 0-0 d5 6. d3 Bd6 7. Nc3 0-0 8. e4 fxe4 9. dxe4 Nxe4 10. Nxe4 dxe4 11. Ng5 Qe7 12. Nxe4 Be5 13. Qe2 Nd7 14. Be3 Re8 15. Rad1 b6 16. Bg5 Qf7 17. Nd6 Bxd6 18. Rxd6 Bb7 19. Rfd1 Nf6 20. Bh3 Bc8 21. Rxc6 h6 22. Bxf6 Qxf6 23. Re1 Kf7 24. Qe4 Rb8 25. Rc7+ Re7 26. Qc6 Bb7 27. Rxe7+ Qxe7 28. Qxe6+ Qxe6 29. Bxe6+ Kf6 30. Bd5 Bxd5 31. cxd5 Rc8 32. d6 Rd8 33. Rd1 Rd7 34. Kg2 g5 35. Kf3 Kf5 36. h3 h5 37. Rd5+ Kf6 38. Ke4 a6 39. Rf5+ Kg6 40. Rd5 Kf6 41. g4 hxg4 42. hxg4 b5 43. Rf5+ 1-0

[Event "DEN-chT 0809"]
[Site "Denmark"]
[Date "2009.03.22"]
[Round "9.8"]
[White "Dragicevic, Drazen"]
[Black "Hagen, Kresten Skytte"]
[Result "1-0"]
[WhiteElo "2181"]
[BlackElo "2076"]
[PlyCount "109"]
[EventDate "2008.11.01"]
[EventType "team-tourn"]
[EventRounds "9"]
[EventCountry "DEN"]
[SourceTitle "EXT 2023"]
[Source "ChessBase"]
[SourceDate "2022.10.05"]
[SourceVersion "1"]
[SourceVersionDate "2022.10.05"]
[SourceQuality "1"]
[WhiteTeam "Helsinge"]
[BlackTeam "Aarhus/Skolerne"]
[WhiteTeamCountry "DEN"]
[BlackTeamCountry "DEN"]

1. c4 Nf6 2. Nf3 e6 3. g3 d5 4. Bg2 Be7 5. 0-0 0-0 6. d4 dxc4 7. Ne5 Nc6 8. Nxc6 bxc6 9. Qc2 Ba6 10. Rd1 Nd5 11. a3 Qc8 12. e4 Nb6 13. Be3 Rb8 14. Nd2 Rd8 15. a4 Bb4 16. a5 Bxd2 17. Rxd2 Nd7 18. e5 Bb5 19. Be4 f5 20. exf6 Nxf6 21. Bg2 Re8 22. Bf4 Qd7 23. Re1 Nd5 24. Be5 Nb4 25. Qc3 Nd3 26. Re3 Rbd8 27. h4 Qf7 28. b3 Nxe5 29. Rxe5 cxb3 30. Qxb3 Rd6 31. Bh3 Rd5 32. Re4 a6 33. Rd1 h6 34. Rde1 e5 35. dxe5 Kh8 36. Rf4 Qe7 37. e6 Rd3 38. Qb2 Qc5 39. e7 Rxg3+ 40. Kh2 Rxh3+ 41. Kxh3 Rxe7 42. Rf8+ Kh7 43. Qb1+ g6 44. Qb2 Re3+ 45. Rxe3 Qxf8 46. Qe5 h5 47. Qxc7+ Kh6 48. Kg3 Qf5 49. Qf4+ Qxf4+ 50. Kxf4 c5 51. Re7 c4 52. Rc7 g5+ 53. hxg5+ Kg6 54. Rc5 h4 55. Kg4 1-0